000 00480nam a2200181Ia 4500
003 LK-CoDNM
008 010623t1986 xxu||||| |||| 00| 1 sin d
040 _aLK-CoDNM
_dLK-CoDNM
_eLK-CoDNM
041 _asin
080 _a04
_bADI
100 _aAdikaram,E.W.
245 _aඅම්මා සහ වෙනත් ලිපි
246 _aAmma Saha Venath Lipi
260 _bSithivili Society
_aNugegoda
_c1986
300 _b47p., 18 cm
650 _aPhilosophy
942 _cBK
999 _c113239
_d113239